|
|
|
|
| LEADER |
00000nam0a2200000 4500 |
| 001 |
152718 |
| 005 |
20231031151123.0 |
| 010 |
|
|
|a 9785891764859
|b (в пер.)
|b 800 экз.
|
| 021 |
|
|
|a RU
|b 08-85462
|9 08-4990
|
| 035 |
|
|
|a (RuTPU)RU\TPU\book\165579
|
| 090 |
|
|
|a 152718
|
| 100 |
|
|
|a 20081119d2008 km y0rusy5002 ca
|
| 101 |
1 |
|
|a rus
|c eng
|
| 102 |
|
|
|a RU
|
| 105 |
|
|
|a a z 001zy
|
| 200 |
1 |
|
|a Математический анализ в свете его истории
|e пер. с англ.
|f Э. Хайрер, Г. Ваннер
|g под ред. С. С. Филиппова
|
| 205 |
|
|
|a 3-е изд.
|
| 210 |
|
|
|a Москва
|c Научный мир
|d 2008
|
| 215 |
|
|
|a 385 с.
|c ил.
|
| 333 |
|
|
|a Исключено из фонда НТБ ТПУ
|
| 700 |
|
1 |
|a Хайрер
|b Э.
|g Эрнст
|
| 701 |
|
1 |
|a Ваннер
|b Г.
|g Герхард
|
| 702 |
|
1 |
|a Филиппов
|b С. С.
|4 340
|
| 801 |
|
1 |
|a RU
|b 63413507
|c 20090204
|g PSBO
|
| 801 |
|
2 |
|a RU
|b 63413507
|c 20220615
|g PSBO
|
| 942 |
|
|
|c BK
|
| 959 |
|
|
|a 18/20090203
|d 1
|e 395,00
|f ЧЗТЛ:1
|